top 10 goalkeepers in the world (soccer) (quiz made in January 2014) - Statistics

General Stats
  • This quiz has been taken 1,487 times
  • The average score is 7 of 10
Answer Stats
Hint Answer % Correct
1 germany neuer
97%
2 italy buffon
96%
3 spain casillas
93%
4 czeck republic cech
84%
7 france lloris
76%
6 england hart
70%
9 spain de gea
63%
8 france mandanda
41%
10 belgium mignolet
28%
5 italy marchetti
10%
No matching quizzes found
Score Distribution
Percent of People with Each Score
Percentile by Number Answered
Your Score History
You have not taken this quiz